000 01010nabaa22002177a 4500
999 _c6291
_d6291
003 OSt
005 20260129004940.0
008 190701b xxu||||| |||| 00| 0 spa d
040 _cPJ
100 _93687
_aButeler, Alfonso
245 1 3 _aEl silencio positivo :
_bprimeras reflexiones a partir de la ley 27.742 /
_cAlfonso Buteler.
300 _ap. 169-178
500 _aCita: TR LALEY AR/DOC/438/2025
505 _aSumario: I. Introducción.— II. La teoría del silencio.— III. Clases.— IV. Sistemas de configuración.— V. Los efectos del silencio.— VI. El silencio positivo en el sistema federal.
505 _t¿Te interesa el texto completo? Comunicate al correo: koha@justierradelfuego.gov.ar
650 0 _9211
_aDERECHO ADMINISTRATIVO
650 0 _9200
_aDECRETOS DE NECESIDAD Y URGENCIA
650 0 _93532
_aSILENCIO DE LA ADMINISTRACIÓN
773 0 _02842
_93251
_dBuenos Aires : AbeledoPerrot, 2012-
_oDA121
_tDerecho administrativo. Nº 158 marzo/abril 2025
_z18510590
942 _2udc
_cANA